Most Popular Types of Cheese (Picture) - Statistics

General Stats
  • This quiz has been taken 45 times
  • The average score is 6 of 15
Answer Stats
Picture Hint Answer % Correct
1.Italy Mozzarella
95%
7.France Brie
83%
3.Greece Feta
83%
2. England Cheddar
78%
5.Netherlands Gouda
65%
9.France Camembert
45%
4.Italy Ricotta
43%
8.India Paneer
28%
11.Italy Gorgonzola
25%
13.Italy Mascarpone
25%
14.Italy Burrata
23%
6.Italy Parmigiano Reggiano
20%
10.Switzerland Emmentaler
18%
15.Cyprus Halloumi
15%
12.Russia Tvorog
0%
No matching quizzes found
Score Distribution
Percent of People with Each Score
Percentile by Number Answered
Your Score History
You have not taken this quiz